00846nam a22002537a 4500999001900000005001700019010001300036020002200049035001300071037001600084082001500100100002100115245012900136250001200265260003700277270000700314300002800321500002000349650002100369650001400390700003000404942002400434952013400458 c127819d12781920181218123507.0 aA-302853 c00.00a0443037604 aA-302853 bCen Lib/Ret a617.8bHAL aHall, I. Simson  aDiseases of the nose, throat and ear :cby I. Simson Hall [and] Bernard H. Colman ba handbook of students and practioners / a12th ed aUKbChurchill Livingstone c1986 bUK a407p. ;c21cm(Hb)bill. aIncludes index  aMedical science  aDiseases  aColman, Bernard H.914216 2ddccENh617.8mHAL 00104070aLbLd2015-06-30eCen Lib/Retg0.00l3o617.8 HALpA-302853r2022-06-09 00:00:00s2022-06-07t1v0.00w2015-06-30yEN